000 01092cam a22003013a 4500
001 15675
003 PGUSA
005 20140828083333.0
008 050421s2005||||xxu|||||s|||||000 | eng d
040 _aPGUSA
_beng
042 _adc
050 4 _aG
100 1 _aDampier, William,
_d1652-1715
245 1 2 _aA Voyage to New Holland, Etc. in the Year 1699
_h[electronic resource] /
_cWilliam Dampier
260 _bProject Gutenberg,
_c2005
506 _aPublic domain in the USA.
516 _aElectronic text
653 _aCanary Islands -- Description and travel -- Early works to 1800
653 _aVoyages around the world -- Early works to 1800
653 _aVoyages and travels -- Early works to 1800
653 _aNatural history -- Pre-Linnean works
653 _aShark Bay (W.A.) -- Discovery and exploration -- Early works to 1800
653 _aSalvador (Brazil) -- Description and travel -- Early works to 1800
653 _aBuccaneers -- Early works to 1800
830 0 _aProject Gutenberg
_v15675
856 4 0 _uhttp://www.gutenberg.org/ebooks/15675
942 _cEB
999 _c244930
_d244930